00445cam a2200169ua 45000010005000000080039000050200018000440400009000620820013000711000036000842450050001202500009001702600030001793000017002096530024002266530025002503669120204n ii |||gr||||Z||||||asm a81-7339-152-1 cMAIN a891.4514 aMahanta, Lakshmikanta,eAuthor.11aSahitya aru alochanacby Lakshmikanta Mahanta a1st. aDibrugarh:bBanalata,996. a236p:c23cm. aAssamese literature aSahitya aru alochana